000 01395nam1a2200313 i 4500
001 RU\NLR\BIBL_A\011452954
005 20260409065332.0
010 _a9785090519380
_bобщ.
035 _a(NLR Aleph) 011452954
090 _a11762924
_c11762924
100 _a20170808g20179999u y0rusy50 ca
101 0 _arus
102 _aRU
105 _a j
200 1 _aИзобразительное искусство
_iИзобразительное искусство в театре, кино, на телевидении
_e8 класс
_eучебник для общеобразовательных организаций
_e[ для детей с нарушением зрения]
_eв четырёх частях
_fА. С. Питерских
_gпод редакцией Б.М. Неменского
205 _a2-е изд.
210 _aМосква
_cПросвещение
_d2017
215 _d26
225 1 _aФГОС
225 1 _aШкола Неменского
225 1 _aИнклюзия
606 _aИскусство
_jУчебные издания специальные для средней школы
_9934834
_3RU\NLR\AUTH\6626297
686 1 _aЩ,0я72
700 1 _aПитерских
_bА. С.
_gАлексей Сергеевич
852 _aNLR
_j2017-7/4271
942 _cBOOK
980 _aNBR